| 000 | 00509cam a2200205ua 4500 | ||
|---|---|---|---|
| 001 | 6030 | ||
| 005 | 20260515113953.0 | ||
| 008 | 131031n ii |||gr||||Z||||||eng | ||
| 020 | _a0333-963218-8 | ||
| 040 | _cMAIN | ||
| 082 | _a909 | ||
| 100 |
_aLowe,Norman, _eAuthor. |
||
| 245 |
_aMastering Modern World History _cby Norman Lowe |
||
| 250 | _a3rd ed. | ||
| 260 |
_aDelhi: _bMacmillan, _c1997. |
||
| 300 | _axx,514p. | ||
| 653 | _aWorld history | ||
| 653 | _aMastering Modern World History | ||
| 942 | _cBK | ||
| 999 |
_c5178 _d5178 |
||